000 00894nas a2200301 4500
001 BR0201026
003 BR-BrBNA
005 20231205102759.0
007 ta
008 230509b bl.|||p| |||| 00| 00por d
040 _aBR-BrBNA
_bpor
_cBiblioteca Nacional de Agricultura
041 _a(Pt)
072 _aL53
100 1 _aBorges, A.M.
100 1 _aTorres, C.A.A.
100 1 _aRuas, J.R.M.
100 1 _aRocha Júnior, V.R.
100 1 _aCarvalho, G.R.
245 1 _aDinâmica foliar ovariana em novilhas mestiças Holandês-Zebu
650 _aGADO HOLANDÊS
650 _aGADO ZEBU
650 _aNOVILHO
650 _aOVÁRIO
650 _aTAXA DE CRESCIMENTO
773 0 _tArquivo Brasileiro de Medicina Veterinária e Zootecnia (Brazil)
_xISSN 0102-0935
_g(Out 2001), v. 53(5) p. 595-604
_wBR0201026
909 _a202311
_bLúcia
_c55
_dLúcia Elande
942 _2AGRIS
_n0
_cANA
999 _c169296
_d169296